00885nac a22002897a 4500001001000000003000900010005001700019008003400036040005400070072000800124100002100132100001900153100002000172100001900192100001800211100001700229110005400246245006400300260003900364300000900403490008500412500001200497650001100509650002900520650002600549650002000575BR0803135BR-BrBNA20240105123542.0230509b bl.|||m| |||| 00| 0 por d aBR-BrBNAbporcBiblioteca Nacional de Agricultura aL701 aJaenisch, F.R.F.1 aColdebella, A.1 aMachado, H.G.P.1 aAbreu, P.G. de1 aAbreu, V.M.N.1 aSantiago, V.1 aEMBRAPA Suínos e Aves, Concórdia, SC (Brasil)1 aImportância da higienização na produção avícola3 aConcórdia, SC (Brasil): c2004.  a5 p. aComunicado Técnico - EMBRAPA Suínos e Aves (Brazil)vno. 363xISSN 0100-8862 a13 ref. aFRANGO aINSPEÇÃO SANITÁRIA aHIGIENE VETERINÁRIA aDESINFECÇÃO